000 00892nmm a2200265 a 4500
001 ocm000884693
003 TR-IsHL
005 20201028143918.0
008 141121s2010 tu tur
007 cr cn
035 _a884693
_b(N$T)
050 0 4 _aPL248.O283
_bE37 2010
090 0 4 _aPL248.O283
_bE37 2010
100 1 _aÖmer Seyfeddin
245 1 0 _aEfruz Bey: fantezi roman
_h[electronic resource] /
_cÖmer Seyfeddin ; hazırlayan Sabahattin Çağın
260 _aİstanbul :
_bÇağrı Yayınları,
_c2010
300 _a71 p.
650 4 _aDil ve Edebiyat
650 4 _aLanguage and Literature
650 0 _aKısa hikayeler, Türk
650 0 _aShort stories, Turkish
650 7 _aLITERARY COLLECTIONS / Middle Eastern
_2bisacsh
700 1 _aÇağın, Sabahattin
856 4 0 _uhttp://search.ebscohost.com/login.aspx?direct=true&scope=site&db=e011xww&AN=884693
999 _c9151
_d9151